Дело по отношению исправляющего должность Киевского военного губернатора о дозволении дворянину Волынской губернии Луциану Войце...

Доступно только в Электронных читальных залах Найти на картеНа карте
RUSMARC
00003753nmc2a2200000 x 450
001e746901f-ee93-4b6d-b63d-7324988514c8
00520171118024427.0
100##$a20160908l18461855k l0rusy0189 ca
1010#$arus
102##$aRU
2001#$aДело по отношению исправляющего должность Киевского военного губернатора о дозволении дворянину Волынской губернии Луциану Войцеховскому переселиться в Царство Польское
$j28 августа 1846 г. - 14 мая 1855 г.
251##$cДело
300##$aДело
801#0$aRU
$bРГИА
$c20160908
$gRCR
801#1$aRU
$bГлавНИВЦ
$c20160908
$2rusmarc
801#2$aRU
$bПБ им. Б.Н. Ельцина
$c20171118
$gRCR
$2rusmarc
850##$aРГИА
852##$aРГИА
$eФедеральное казенное учреждение "Российский государственный исторический архив" (РГИА)
$j1492
937##$hРГИА
$d12208278
$aASBIBLIO_SCAN
462#0$1001a27eaba9-7cb9-40a7-a26f-8911768d1c13
$12001
$a1846-1847 гг. Дела Департамента полиции исполнительной за 1846 г.
$1251
$cОпись
$1852
$j10
461#0$10013e300ed0-cd39-49af-8489-5ba5b90fa401
$12001
$aДепартамент полиции исполнительной МВД
$1251
$cФонд
$1852
$j1286
215##$a37 л.
$d36,5х26 см
371##$aДокумент не является опубликованным и широко распространяемым
105##$ay###
1222#$ad
035##$ae746901f-ee93-4b6d-b63d-7324988514c8
856##$uhttp://readingroom.main.prlib.ru/item.aspx?id_node=n109252543&mode=full
Формат отображения